Ozeáš exegéza

Bibliographic Details
Main Author: Nandrásky, Karol, 1927-2016 (Author)
Format: Book
Language:Slovak
PhysicalDescription:139 s. 29 cm
Published: Bratislava CN 1981
Edition:[1.] vyd.
Subjects:

MARC

LEADER 00000cam a2200000 a 4500
001 vtls001103886
003 SK-MaSNL
005 20260301153453.0
008 240313s1981 xo e 00000 slo
015 |a SNBA1981 
035 |a SNK000046728 
040 |a SNK  |b slo  |c SNK  |e AACR2 
041 0 |a slo 
044 |a xo  |c SK 
080 |a 27-242  |2 2001 
080 |a 27-277.2  |2 2001 
080 |a 2-534.6-051  |2 2001 
080 |a (075.8)  |2 2001 
100 1 |a Nandrásky, Karol,  |d 1927-2016  |4 aut  |9 86643 
245 1 0 |a Ozeáš  |b exegéza  |c Karol Nandrásky 
250 |a [1.] vyd. 
260 |a Bratislava  |b CN  |c 1981 
300 |a 139 s.  |c 29 cm 
500 |a Vydané pre Tranoscius 
504 |a Pozn. 
630 0 7 |a Biblia  |p Starý zákon  |2 SNKPH  |9 185646 
650 0 7 |a biblická exegéza  |2 SNKPH  |9 4349 
650 0 7 |a proroci  |2 SNKPH  |9 68612 
655 7 |a učebnice vysokých škôl  |2 SNKPH  |9 70191 
958 |a OND 
999 |c 793113  |d 795043 
952 |a SNK  |b SNK  |y PREZ  |7 0  |p 17A0992438  |o snkSB 32846  |i snkKSP 10649/81  |0 0  |1 0  |4 0  |d 2014-11-26  |l 0  |r 2025-04-07 00:00:00  |w 2026-02-24 
952 |a SNK  |b SNK  |y VYP  |7 0  |o snkSB 32846 D1  |i snkKSP 10650/81  |0 0  |1 0  |4 0  |d 2014-11-26  |l 0  |r 2026-02-24 01:44:15  |w 2026-02-24